Top 10 Cities in Russia by Population Quiz Stats

 Plays Quiz not verified by Sporcle

Score 0/10 Timer 01:30
0 Plays Today
Rank City % Correct
1Moscow
99.6%
2Saint Petersburg
97.6%
3Novosibirsk
66.5%
5Nizhny Novgorod
63.6%
7Kazan
61.5%
4Yekaterinburg
60.4%
6Samara
59.6%
8Omsk
54.5%
10Rostov-na-Donu
52.4%
9Chelyabinsk
40.5%

You're not logged in!

Compare scores with friends on all Sporcle quizzes.
OR
Log In

You Might Also Like...

Show Comments

Extras

Top Quizzes Today


Score Distribution

Your Account Isn't Verified!

In order to create a playlist on Sporcle, you need to verify the email address you used during registration. Go to your Sporcle Settings to finish the process.

Report this User

Report this user for behavior that violates our Community Guidelines.

Details: